[Event "4NCL Hull GM 2021"]
[Site "Hull"]
[Date "2021.10.22"]
[Round "4.1"]
[White "Willow, Jonah B"]
[Black "Fodor, Tamas Jr."]
[Result "0-1"]
[WhiteElo "2353"]
[BlackElo "2524"]
[Annotator "TA"]
[PlyCount "112"]
[EventDate "2021.10.20"]
[EventType "tourn"]
[EventCountry "ENG"]
[SourceTitle "playchess.com"]
[Source "ChessBase"]
[SourceQuality "1"]

{[%evp 23,112,25,19,19,15,15,28,15,37,15,51,31,19,-43,-48,-40,-23,-33,-35,-41,0,-60,-61,-77,-61,-60,-55,-55,-52,-62,0,-20,0,-4,4,-23,-23,-25,-14,-25,-18,-36,-29,-51,-23,-166,-166,-172,-166,-400,-386,-353,-212,-177,1,-288,-290,-272,-267,-265,-263,-262,-258,-243,-244,-232,-247,-329,-327,-339,-329,-386,-368,-345,-338,-754,-754,-1495,-1546,-1504,-1433,-2140,-1655,-1770,-1330,-29957,-5222,-29987,-29988,-29986,-29987]} 1. e4 e6 2. d4 d5 3. Nd2 Nf6 4. e5 Nfd7 5. c3 c5 6. f4 Nc6 7. Ndf3 Qb6 8. g3 cxd4 9. cxd4 Be7 10. Ne2 O-O 11. Bh3 f6 12. Bxe6+ Kh8 13. exf6 {C05: French Tarrasch: 3...Nf6 4 e5 Nfd7, 5 f4 and 5 Bd3 sidelines.} Nxf6 14. Bxc8 {Black must now prevent Bh3.} Bb4+ 15. Kf2 {aiming for Bh3.White has an edge.} Raxc8 {[%cal Ba8c8,Bc8c2,Bc2c4][%mdl 32]} 16. a3 Qa6 17. Kg2 Ne7 18. Ne5 {[#]} ({White should play} 18. Rf1 $11) 18... Nf5 $1 $15 {And now ...Rxc1! would win.} 19. Qd3 Qxd3 20. Nxd3 {[#]} Rc2 $1 21. Kf3 Ba5 {[%mdl 1024] [#] Black has compensation.} 22. Rd1 $146 (22. Be3 $11) ({Predecessor:} 22. Ne5 g5 23. fxg5 Ne4 24. Bf4 Rxb2 25. g6 h5 26. Rab1 Ng5+ 27. Bxg5 Nh4+ 28. Ke3 Ng2+ 29. Kd3 Ra2 30. Rxb7 Rf2 {1-0 (30) Huebner,R (2600)-Mohr,S (2470) Germany 1988}) 22... Ne4 23. b4 $1 {[%cal Rb4a5]} Bb6 24. Ne1 Rc4 {[%cal Rf5d4]} 25. Be3 g5 $1 {[%cal Rg5g4]} 26. Bg1 h5 ({Better is} 26... gxf4 $15 27. Nxf4 Bxd4 28. Bxd4+ Nxd4+ 29. Kg2 Nb3) 27. Rac1 g4+ 28. Kg2 Re8 29. Rxc4 dxc4 30. Nc2 h4 31. gxh4 Nxh4+ 32. Kf1 Nf3 33. Ne3 Ned2+ 34. Kf2 (34. Kg2 $11) 34... Nxd4 $19 35. Rxd2 Nf3 $36 {[%mdl 2048] Black has strong initiative.} 36. Ra2 $2 (36. Rc2 Rxe3 37. Kf1 Nxg1 38. Nxg1) 36... Bxe3+ 37. Kg2 Nxg1 38. Nxg1 {[%mdl 4096] Endgame KRB-KRN} Rd8 $2 ({Black should try} 38... Kg7 $19 {Strongly threatening ...Rd8.} 39. Ne2 Kg6) 39. Re2 $2 {[%mdl 8192]} (39. Ne2 $11 {and White is okay.}) 39... Rd3 {Threatens to win with ...c3.} ({Not} 39... Bxf4 40. Re4 $17) 40. Rc2 b5 ({Weaker is} 40... Bxf4 41. Rxc4 Rd2+ 42. Ne2 $11) ({Much less strong is} 40... Rxa3 41. Ne2 $17) 41. Ne2 Rxa3 42. Kg3 Bd2+ 43. Kxg4 Bxb4 44. Nd4 a6 45. f5 Rd3 46. Nc6 Bd6 47. f6 c3 48. Kf5 {[#]} b4 $1 {[%cal Rb4b3]} 49. Re2 $2 (49. Ke4 Rd2 50. Rc1) 49... Rd2 50. Re8+ Kh7 51. Re7+ Kh6 {Hoping for ...c2.} 52. Re4 Rf2+ 53. Ke6 {[#]} c2 $1 54. Rc4 {[#]} (54. Re1 Re2+) 54... b3 $1 {[%cal Bb4b3,Bb3b2][%mdl 32]} 55. Nd8 {[#]} (55. Nd4 b2) 55... b2 $1 56. Nf7+ (56. Rd4 c1=Q) 56... Kh5 {Weighted Error Value: White=0.84/Black=0.28} 0-1

[Event "4NCL Hull GM 2021"]
[Site "Hull"]
[Date "2021.10.22"]
[Round "4.2"]
[White "Jackson, James P"]
[Black "Royal, Shreyas"]
[Result "1-0"]
[WhiteElo "2386"]
[BlackElo "2226"]
[Annotator "TA"]
[PlyCount "147"]
[EventDate "2021.10.20"]
[EventType "tourn"]
[EventCountry "ENG"]
[SourceTitle "playchess.com"]
[Source "ChessBase"]
[SourceQuality "1"]

{[%evp 29,147,12,12,11,18,21,17,8,104,111,126,100,108,117,154,62,70,41,128,48,47,40,64,50,50,52,51,32,38,43,63,37,79,79,86,80,71,71,73,71,106,106,94,73,84,47,59,8,8,8,8,8,8,8,71,71,7939,71,206,206,8861,71,206,206,206,206,206,206,206,206,206,206,206,206,206,206,206,206,206,754,6390,206,5073,206,206,206,206,206,206,206,206,206,206,206,206,206,206,206,29986,29987,29987,29988,29988,29989,29989,206,206,206,206,206,206,206,29990,29991,29991,29992,29992,29993,29993,29994]} 1. e4 e5 2. Nf3 Nc6 3. Bb5 a6 4. Ba4 Nf6 5. O-O Be7 6. Re1 b5 7. Bb3 d6 8. c3 O-O 9. h3 Bb7 10. d4 Re8 11. Nbd2 Bf8 12. a3 h6 13. Bc2 Nb8 14. b4 Nbd7 15. Bb2 a5 16. Bd3 {C93: Closed Ruy Lopez: Smyslov Variation.} c6 17. Qb1 axb4 18. axb4 {[#] The position is equal.} c5 $146 (18... Nb6 $11 {keeps the balance.}) ({Predecessor:} 18... Rxa1 19. Bxa1 Nh5 20. Nb3 Qc7 21. Na5 Ba6 22. Qd1 c5 23. d5 c4 {½-½ (49) Llorach Gracia,T (2265)-Sanner,Z (2318) ICCF email 2018}) 19. bxc5 $16 dxc5 20. Bxb5 cxd4 21. cxd4 Qb6 22. Bxd7 (22. dxe5 Nxe4 23. Bd4 (23. Nxe4 Qxb5 24. Bd4 Qd5 $11) (23. Bxd7 Qxf2+ {[%mdl 64] Double Attack} 24. Kh1 Nxd2 $15) 23... Rxa1 $16) (22. Ba4 $1 $16) 22... Nxd7 $14 23. Nc4 ({Of course not} 23. dxe5 $6 Bc5 $11) (23. Nxe5 Nxe5 24. Rxa8 (24. dxe5 Bc5 $15) 24... Rxa8 $15) 23... Qb5 (23... Rxa1 $14 24. Qxa1 Qb5 25. Ncxe5 (25. Nfxe5 Nxe5 26. Nxe5 f6 $16) 25... Nxe5 26. Nxe5 f6) 24. Ncxe5 (24. Rxa8 $16 Bxa8 25. Ncxe5 (25. Nfxe5 Nxe5 26. Nxe5 Bd6 $16)) 24... Nxe5 25. dxe5 Qb4 26. Bd4 {Black must now prevent Qxb4.} Rxa1 27. Qxa1 Ra8 28. Qc3 (28. Qd1 {with more complications.} Ra3 29. Kh2 Qa4 30. Qxa4 Rxa4 31. Kg3) 28... Qxc3 29. Bxc3 Bc5 30. Bd4 Bxd4 31. Nxd4 {[%mdl 4096] Endgame KRB-KRN} Ra4 32. Nb5 Rxe4 33. Rxe4 Bxe4 $16 {KB-KN} 34. f4 Kf8 35. g4 g6 36. Kf2 Ke7 37. Nd6 Bd5 38. f5 ({Better is} 38. Nc8+ $14 Ke6 39. Nb6) 38... gxf5 $1 $11 39. Nxf5+ Ke6 40. Nxh6 Kxe5 41. Kg3 Kf6 (41... Be6 $1 $11) 42. Kf4 {And now Nf5 would win.} Bc4 $2 {[%mdl 8192]} (42... Kg6 $16) 43. h4 $18 Kg6 (43... Be2 $16 {is a better defense.} 44. h5 Kg7) 44. Nf5 Be2 $2 (44... Kh7 45. Kg5 Be2) 45. Ne7+ $2 (45. h5+ $18 Kh7 46. Nd6) 45... Kf6 (45... Kg7 $16 {was called for.} 46. Nf5+ Kh7) 46. Nd5+ Kg6 47. h5+ $1 Kh6 48. Nf6 {g5+ is the strong threat.} Bd3 49. g5+ Kg7 50. Ng4 Be2 51. h6+ Kh7 {intending ...Bxg4.} 52. Nf6+ Kg6 53. Nd7 $1 {[%cal Rd7f8] White wants to mate with Nf8+.} Kh7 {If only Black now had time for ...Bb5....} 54. Kf5 {aiming for Ne5.} Bd1 55. Kf6 $2 (55. Ne5 Bb3 56. Kf6 Kg8 57. Nxf7 $1 {[%mdl 512]} Bxf7 58. h7+ {[%mdl 64] Deflection} Kxh7 59. Kxf7 Kh8 60. Kg6) 55... Kg8 (55... Bb3 56. Ne5 Kg8 57. Nxf7 Bxf7 58. h7+ {[%mdl 64] Deflection} Kxh7 59. Kxf7 Kh8 60. Kg6 Kg8) 56. Ke7 $2 (56. Ne5 Bc2 57. Nxf7 Kh7 58. Ne5 Be4 59. Nd7 Kh8 60. Nc5 Bc6 61. g6) 56... Bb3 57. Nf6+ Kh8 58. Kf8 Bc4 59. Ng4 Kh7 60. Ne5 Bb3 61. Nxf7 Bc2 62. Ne5 Bb1 63. Kf7 Bc2 $2 (63... Ba2+ $18 64. Kf6 Bb3 65. Nd7 Bc2 66. Nf8+ Kg8 67. g6 Bxg6 68. Kxg6 Kh8) 64. Nd7 $1 Bb3+ 65. Kf6 Bc2 66. Nf8+ Kg8 {[#]} 67. Ng6 $2 (67. g6 $1 {mates} Bxg6 68. Kxg6 Kh8 69. Ne6 Kg8 70. Nd8 Kf8 71. h7 Ke7 72. h8=Q) 67... Kh7 68. Ne7 Bd1 69. Nf5 {Threatening mate with g6+.} Bh5 70. Nd4 {Intending Ne6 and mate.} Bd1 $2 {[#]} (70... Bg6 $18 71. Ne6 Bh5 72. Nf8+ Kg8 73. g6 Bxg6 74. Kxg6 Kh8 75. Ne6 Kg8) 71. g6+ $1 {White mates.} Kxh6 {[#]} 72. g7 $1 Kh7 73. Kf7 Bh5+ 74. Kf8 {Weighted Error Value: White=0.53/Black=0.26} 1-0

[Event "4NCL Hull GM 2021"]
[Site "Hull"]
[Date "2021.10.22"]
[Round "4.3"]
[White "Clarke, Brandon G I"]
[Black "Turner, Matthew J"]
[Result "1/2-1/2"]
[WhiteElo "2442"]
[BlackElo "2471"]
[Annotator "TA"]
[PlyCount "81"]
[EventDate "2021.10.20"]
[EventType "tourn"]
[EventCountry "ENG"]
[SourceTitle "playchess.com"]
[Source "ChessBase"]
[SourceQuality "1"]

{[%evp 9,81,0,33,32,21,25,40,42,40,33,39,28,39,35,30,27,27,27,31,16,52,43,31,33,44,40,43,35,58,49,56,40,58,50,76,67,73,82,96,83,129,124,133,129,137,135,111,86,81,19,279,108,247,98,95,84,108,44,46,28,37,23,27,8,8,8,3,8,8,0,8,8,8,0]} 1. e4 c6 2. d4 d5 3. e5 c5 4. dxc5 e6 5. a3 Nc6 6. Nf3 {B12: Caro-Kann: Advance Variation.} Bxc5 7. Bd3 Nge7 8. b4 {White is slightly better.} Bb6 9. Bb2 Ng6 10. O-O O-O 11. Re1 f6 12. exf6 gxf6 13. c4 Nf4 14. Bf1 e5 15. Bc1 dxc4 16. Bxf4 Qxd1 17. Rxd1 {aiming for Bh6.} exf4 18. Bxc4+ Kh8 19. Nc3 Bg4 20. Bd5 {[#]} Rac8 $146 ({Predecessor:} 20... Rad8 21. h3 Bxf3 22. Bxf3 Bd4 23. Rac1 Rfe8 24. Nb5 Bb2 25. Rb1 Nd4 26. Bxb7 Nxb5 27. Rxd8 Rxd8 28. Rxb2 {½-½ (54) Gaponenko,I (2427)-Bhakti,K (2322) Astana 2019}) 21. Na4 Rfd8 {Strongly threatening ...Bd4!} 22. Nxb6 axb6 23. h3 Bh5 24. b5 Na5 {[#]} 25. Be6 $1 {[%cal Re6c8]} Rxd1+ 26. Rxd1 Bxf3 27. gxf3 $16 {[%mdl 4096] Endgame KRB-KRN} Rc3 28. h4 Rxf3 29. Bf5 (29. a4 $16) 29... h5 $2 {[%mdl 8192]} (29... Rxa3 $11 30. Rd8+ Kg7) 30. Rd8+ $18 Kg7 {[#]} 31. Rd7+ (31. Bd3 $1 $18 {and the rest is easy.}) 31... Kg8 32. Be6+ Kh8 33. Rd5 ({Better is} 33. a4 $16) 33... Rxa3 $14 34. Rxh5+ Kg7 35. Bf5 Rb3 36. Be4 Nc4 {The position is equal.} 37. Rh7+ Kf8 38. Rxb7 {Threatens to win with Bd5.} Nd6 39. Rb8+ Kg7 40. Bc6 Nxb5 41. Rxb6 {Weighted Error Value: White=0.14/Black=0.21} 1/2-1/2

[Event "4NCL Hull GM 2021"]
[Site "Hull"]
[Date "2021.10.22"]
[Round "4.4"]
[White "Murphy, Conor E"]
[Black "Czopor, Maciej"]
[Result "1/2-1/2"]
[WhiteElo "2428"]
[BlackElo "2411"]
[Annotator "RC"]
[PlyCount "93"]
[EventDate "2021.10.20"]
[EventType "tourn"]
[EventCountry "ENG"]
[SourceTitle "playchess.com"]
[Source "ChessBase"]
[SourceQuality "1"]
[TimeControl "5400+30"]

1. e4 {[%emt 0:08:15]} c5 {[%emt 0:00:07]} 2. Nf3 {[%emt 0:00:10]} e6 {[%emt 0:00:07]} 3. d4 {[%emt 0:00:06]} cxd4 {[%emt 0:00:05]} 4. Nxd4 {[%emt 0:00:06]} Nc6 {[%emt 0:00:05]} 5. Nc3 {[%emt 0:00:09]} Qc7 {[%emt 0:00:06]} 6. Be2 {[%emt 0:00:50]} a6 {[%emt 0:00:25]} 7. O-O {[%emt 0:00:19]} Nf6 {[%emt 0:00:04]} 8. Be3 {[%emt 0:00:08]} Be7 {[%emt 0:00:05]} 9. f4 {[%emt 0:00:29]} d6 {[%emt 0:00:06]} 10. Qe1 {[%emt 0:00:16]} O-O {[%emt 0:00:11]} 11. Qg3 {[%emt 0:00:07]} Nxd4 {[%emt 0:04:36]} 12. Bxd4 {[%emt 0:00:08]} b5 {[%emt 0:00:19]} 13. a3 {[%emt 0:00:08]} Bb7 {[%emt 0:00:21]} 14. Kh1 {[%emt 0:00:15]} Rad8 {[%emt 0:03:38]} 15. Rae1 {[%emt 0:00:25]} Bc6 {[%emt 0:00:36]} 16. Bf3 {[%emt 0:01:53]} Qb7 {[%emt 0:12:31]} 17. Nd1 {[%emt 0:00:47]} d5 {[%emt 0:18:40]} 18. e5 {[%emt 0:01:39]} Ne4 {[%emt 0:00:11]} 19. Bxe4 {[%emt 0:00:36]} dxe4 {[%emt 0:00:04]} 20. Bc3 {[%emt 0:00:12]} b4 {[%emt 0:09:54]} 21. axb4 {[%emt 0:09:00]} Bxb4 {[%emt 0:00:11]} 22. f5 {[%emt 0:00:19]} exf5 {[%emt 0:01:03]} 23. Rxf5 {[%emt 0:21:03]} Bxc3 {[%emt 0:05:23]} 24. bxc3 {[%emt 0:01:57]} Qe7 {[%emt 0:15:35]} 25. Rf6 {[%emt 0:14:32]} Bd7 {[%emt 0:01:14]} 26. Rxa6 {[%emt 0:02:57]} Rfe8 {[%emt 0:04:56]} 27. Ne3 {[%emt 0:11:28]} Qxe5 {[%emt 0:02:22]} 28. Qxe5 {[%emt 0:06:05]} Rxe5 {[%emt 0:00:07]} 29. Rd1 {[%emt 0:01:45]} Kf8 {[%emt 0:01:58]} 30. Rad6 {[%emt 0:02:51]} Ke7 {[%emt 0:01:29]} 31. R6d4 {[%emt 0:06:55]} f5 {[%emt 0:02:18]} 32. Nd5+ {[%emt 0:01:51]} Ke8 {[%emt 0:01:45]} 33. Kg1 {[%emt 0:04:23]} e3 {[%emt 0:01:56]} 34. Re1 {[%emt 0:01:06]} Rc8 {[%emt 0:01:07]} 35. Rd3 {[%emt 0:02:01]} Be6 {[%emt 0:04:22]} 36. Rdxe3 {[%emt 0:00:37]} Rxe3 {[%emt 0:00:09]} 37. Rxe3 {[%emt 0:00:06]} Kf7 {[%emt 0:00:09]} 38. Nf4 {[%emt 0:00:21]} Bc4 {[%emt 0:00:27]} 39. Kf2 {[%emt 0:01:15]} g5 {[%emt 0:00:36]} 40. Nd3 {[%emt 0:00:28]} Kf6 {[%emt 0:02:25]} 41. g3 {[%emt 0:00:54]} Bd5 {[%emt 0:01:04]} 42. Ne5 {[%emt 0:01:19]} Be4 {[%emt 0:00:33]} 43. Nd7+ {[%emt 0:00:58]} Ke6 {[%emt 0:00:19]} 44. Nb6 {[%emt 0:00:08]} Rc6 {[%emt 0:00:42]} 45. Na4 {[%emt 0:00:11]} Ke5 {[%emt 0:02:05]} 46. Nb2 {[%emt 0:00:37]} f4 {[%emt 0:00:17]} 47. Nd3+ {[%emt 0:00:08]} 1/2-1/2

[Event "4NCL Hull GM 2021"]
[Site "Hull"]
[Date "2021.10.22"]
[Round "4.5"]
[White "Wadsworth, Matthew J"]
[Black "Davies, Nigel R"]
[Result "1/2-1/2"]
[WhiteElo "2425"]
[BlackElo "2475"]
[Annotator "TA"]
[PlyCount "99"]
[EventDate "2021.10.20"]
[EventType "tourn"]
[EventCountry "ENG"]
[SourceTitle "playchess.com"]
[Source "ChessBase"]
[SourceQuality "1"]

{[%evp 15,99,16,18,-9,0,-10,0,-14,-8,-18,-16,-47,-45,-41,-43,-45,-32,-33,-33,-36,-23,-33,-33,-31,-11,-27,22,-29,-27,-32,-13,-36,-21,-49,-22,-22,-28,-39,-42,-51,-16,-29,0,-22,-10,-20,-17,-21,0,0,0,0,0,0,0,0,7,0,0,0,7,0,0,0,0,0,0,0,0,0,0,0,0,0,0,0,0,0,14,14,14,14,14,0,14,0]} 1. Nf3 Nf6 2. g3 d5 3. Bg2 e6 4. O-O Be7 5. c4 O-O 6. b3 c6 7. Bb2 b6 8. Qc2 Bb7 9. d3 {A13: English Opening: 1...e6.} c5 10. Nbd2 Nc6 11. a3 d4 {[#]} 12. b4 $146 ({Predecessor:} 12. e4 dxe3 13. fxe3 Ng4 14. Rfe1 Bf6 15. Bxf6 Qxf6 16. Nf1 Rab8 17. Rad1 Rfd8 18. Re2 {1-0 (56) Tan,Z (2464)-Zheng,R (2094) China 2010}) 12... Qc7 13. bxc5 bxc5 14. Rfb1 Rab8 15. Bc1 Ba8 16. Rxb8 Rxb8 17. Rb1 Nd7 18. Ne1 Rxb1 19. Qxb1 Qb6 20. Qb5 a6 21. Qa4 (21. Qxb6 $142 Nxb6 22. Nb3) 21... Bb7 $11 22. Nf1 f6 23. Bd2 Kf7 24. h4 Bd8 25. e3 Nce5 (25... Be7 {seems wilder.} 26. Qd1 Kf8 27. e4 Nde5 28. Qh5 h6) 26. Qd1 Bxg2 27. Kxg2 Kg8 (27... g6 {is interesting.} 28. f4 Nc6 29. e4 Qb2 30. Qa4 Ndb8) 28. f4 Nf7 29. e4 {The position is equal.} Qc6 {Hoping for ...f5.} 30. Nf3 f5 31. e5 Nb6 (31... h5 {looks sharper.} 32. Kg1 Nh6 33. N3h2 Ng4 34. Qf3 Qc8) 32. Kf2 Qa4 (32... Nh6 {is more complex.} 33. N1h2 Na4 34. h5 Kf7 35. Ng5+ Kg8) 33. Qxa4 Nxa4 34. Ke2 Kf8 35. Kd1 Ke8 36. Kc2 Kd7 37. N1h2 Nb6 38. Kb3 Nc8 39. Ka4 Nb6+ 40. Kb3 Nc8 41. Be1 h5 42. Ng5 Bxg5 43. hxg5 {[%mdl 4096] Endgame KBN-KNN} Nd8 44. Nf3 Ne7 45. Nh4 Nb7 46. Ka4 g6 47. Ba5 Kc6 48. Bd2 Kc7 49. Be1 Kd7 50. Ba5 {Weighted Error Value: White=0.10/Black=0.06} 1/2-1/2

[Event "4NCL Hull GM 2021"]
[Site "Hull"]
[Date "2021.10.22"]
[Round "5.1"]
[White "Davies, Nigel R"]
[Black "Willow, Jonah B"]
[Result "1/2-1/2"]
[WhiteElo "2475"]
[BlackElo "2353"]
[Annotator "TA"]
[PlyCount "23"]
[EventDate "2021.10.20"]
[EventType "tourn"]
[EventCountry "ENG"]
[SourceTitle "playchess.com"]
[Source "ChessBase"]
[SourceQuality "1"]

{[%evp 9,23,-18,-10,-10,-12,-5,-12,-12,-23,-15,-13,-23,-13,-18,-4,-14]} 1. g3 c5 2. Bg2 Nc6 3. Nf3 g6 4. c3 e5 5. d4 cxd4 6. cxd4 {A04: Unusual lines after 1 Nf3 and King's Indian Attack.} e4 {[%cal Re4f3]} 7. Ne5 d5 8. Nxc6 bxc6 9. Qc2 Bd7 {[#]} 10. Nc3 $146 ({Predecessor:} 10. Nd2 h5 11. Nb3 h4 12. Bf4 Bb4+ 13. Bd2 Bd6 14. Nc5 Nf6 15. Rc1 h3 16. Bf1 {½-½ (55) Meier,G (2622)-Hracek,Z (2569) Germany 2018}) 10... Bg7 11. e3 Ne7 12. b3 {A rather calm draw.  Weighted Error Value: White=0.03/Black=0.04} 1/2-1/2

[Event "4NCL Hull GM 2021"]
[Site "Hull"]
[Date "2021.10.22"]
[Round "5.2"]
[White "Czopor, Maciej"]
[Black "Wadsworth, Matthew J"]
[Result "1-0"]
[WhiteElo "2411"]
[BlackElo "2425"]
[Annotator "TA"]
[PlyCount "79"]
[EventDate "2021.10.20"]
[EventType "tourn"]
[EventCountry "ENG"]
[SourceTitle "playchess.com"]
[Source "ChessBase"]
[SourceQuality "1"]

{[%evp 11,79,22,33,15,25,29,52,0,1,0,133,133,142,122,137,0,139,133,203,200,198,197,194,199,188,197,200,196,191,189,195,195,169,152,154,149,114,130,213,214,234,181,198,194,180,154,243,243,302,284,300,291,299,295,341,320,312,329,506,475,384,206,575,606,1110,1091,1108,1075,1179,1092]} 1. e4 c5 2. Nf3 e6 3. d4 cxd4 4. Nxd4 Nc6 {[%cal Bb8c6,Bc6e5,Be5g4,Bg4e3][%mdl 32]} 5. Nc3 Qc7 6. Be3 a6 7. Qf3 {B48: Sicilian: Taimanov: 5 Nc3 Qc7 6 Be3 a6 without Be2.} Ne5 8. Qg3 h5 9. Nf5 f6 $11 {[#]} 10. O-O-O $1 g6 {[#]} (10... exf5 $11 11. Nd5 Qc6) 11. f4 $146 ({Predecessor:} 11. Nh4 g5 12. Bxg5 fxg5 13. Ng6 Rh7 14. Qxe5 Qxe5 15. Nxe5 b5 16. Bd3 Rg7 17. a4 {1-0 (33) Ciganovic,N (2206)-Skok,B (2001) Pula 2016}) 11... Ng4 {[#]} 12. h3 $1 $36 {[%mdl 2048] Keeping Black busy.} Nxe3 13. Qxg6+ (13. Nxe3 Kf7 $11) 13... Kd8 14. Ng7 ({Worse is} 14. Nxe3 Qxf4 15. Rd3 Bc5 $15) 14... Bxg7 (14... Qc6 $16 15. Qe8+ {[%mdl 64] Double Attack} Kc7 16. Qxf8 Nxd1 17. Ne8+ (17. Nxd1 Kb6 $16) (17. Kxd1 Qd6+ 18. Nd5+ Kc6 $11) 17... Kb6 18. Kxd1 d5) 15. Qxg7 $18 {[%cal Rg7f8]} Qxf4 16. Qxh8 Nxd1+ 17. Kxd1 Qg5 18. h4 $1 {[%cal Rh4g5]} Qg4+ {[#]} 19. Ne2 $1 {Black must now prevent Rh3.} Kc7 {[#]} 20. Rh3 $1 {[%cal Rh3g3] Strongly threatening Rg3.} Ne7 21. Qxf6 Nc6 22. Rg3 Qxe4 23. Qf4+ Qxf4 24. Nxf4 e5 (24... b5 $16) 25. Nxh5 d5 26. Rg7+ Kd6 27. g4 Be6 28. Nf6 Rf8 (28... e4 $16 29. Rxb7 Ke5) 29. g5 Nd8 30. Be2 e4 31. c4 dxc4 32. Nxe4+ Kd5 33. Nf6+ Kd4 34. Re7 b5 (34... Bf5 {was called for.} 35. Kd2 b5) 35. h5 Bf5 {[#]} 36. g6 $1 Ne6 $2 {[#]} ({Wrong is} 36... Rxf6 $2 37. g7 $18) (36... Bxg6 37. hxg6 Rxf6) (36... Bxg6 37. hxg6) 37. h6 $1 {White is clearly winning.} Rd8 {aiming for ...Ke5+.} (37... Bxg6 38. Rxe6) 38. g7 Ke5+ 39. Rd7 Nxg7 40. Rxd8 {Weighted Error Value: White=0.11/Black=0.41} 1-0

[Event "4NCL Hull GM 2021"]
[Site "Hull"]
[Date "2021.10.22"]
[Round "5.3"]
[White "Turner, Matthew J"]
[Black "Murphy, Conor E"]
[Result "0-1"]
[WhiteElo "2471"]
[BlackElo "2428"]
[Annotator "TA"]
[PlyCount "86"]
[EventDate "2021.10.20"]
[EventType "tourn"]
[EventCountry "ENG"]
[SourceTitle "playchess.com"]
[Source "ChessBase"]
[SourceQuality "1"]

{[%evp 15,86,-8,-20,-10,-7,-8,0,0,0,0,0,-13,7,8,10,-15,0,-48,-29,-32,-32,-56,-60,-89,-33,-62,-64,-67,-50,-70,-60,-72,37,-43,-47,-43,-34,-38,-12,0,0,-7,0,-7,0,-12,-10,-13,0,0,0,0,97,0,8,0,0,0,0,0,0,0,0,0,-1,-62,-62,-60,-54,-777,-774,-665,-624]} 1. d4 d5 2. Nf3 Nf6 3. c4 e6 4. g3 dxc4 5. Qa4+ Nbd7 6. Bg2 a6 7. Qxc4 {7.Qxc4 is better than 7.Nc3.} b5 8. Qc6 Ra7 9. Qc2 {E03: Open Catalan: 5 Qa4+ Nbd7 6 Qxc4.} Bb7 10. O-O c5 11. a4 {The position is equal.} b4 12. Be3 {[%cal Rd4c5]} Be4 13. Qd1 Rc7 14. Nbd2 Bd5 {[#]} 15. Rc1 $146 ({Predecessor:} 15. Re1 Qa8 16. Bf4 Rc8 17. e4 Nxe4 18. Nxe4 Bxe4 19. Rxe4 Qxe4 20. Ne5 Qxd4 21. Qe2 Nxe5 {0-1 (67) Zakhartsov,V (2507)-Bykov,E (2384) Moscow 2020}) 15... Be7 16. b3 O-O 17. Bf4 Rc8 18. Bg5 cxd4 19. Nxd4 {[#]} Bxg2 ({Black should play} 19... Nc5 $1 $17 {Threatens to win with ...Bxg2.} 20. e4 Bb7) 20. Kxg2 Nc5 21. Bxf6 Bxf6 22. N4f3 Bc3 23. Qc2 Bxd2 (23... Qd5 $17 24. Rfd1 Qc6) 24. Qxd2 (24. Nxd2 $14 Nb7 25. Qxc8 Qxc8 26. Rxc8 Rxc8 27. Nc4) 24... a5 $1 $15 25. Qe3 Qd5 26. Rb1 {[%cal Bc1b1,Bb1b2,Bb2d2][%mdl 32]} Ne4 {Strongly threatening ...Nc3.} 27. Rfd1 Qb7 {And now ...Nc3 would win.} (27... Qc6 {keeps more tension.} 28. Rd4 Nc3 29. Rb2 f6 30. Rc4 Qa6) 28. Rd4 Nc3 29. Rb2 Nd5 30. Qe5 Qb6 31. e4 {[#]} f6 $1 32. Qh5 Nc3 33. Rbd2 Rcd8 (33... Rc5 $11 {keeps the balance.} 34. Qg4 f5 35. exf5 exf5) 34. Qg4 (34. Rxd8 $16 Rxd8 35. Rxd8+ (35. Rd7 Rf8 $16) 35... Qxd8 36. e5) 34... Rxd4 35. Nxd4 Re8 36. Nb5 $40 {[%mdl 128] White is up to no good.} Qc6 (36... Nxb5 37. Rd7 Qxf2+ 38. Kxf2 g5 39. Qh5 Re7 40. Rxe7 Nd6 41. Qxh7+ Kf8 42. Qg7#) 37. Nd6 f5 $1 {[%cal Rf5g4]} 38. Qf3 Rf8 {[%cal Rf5e4]} 39. exf5 Nd5 40. Qe4 Qxd6 41. fxe6 Nf6 ({And not} 41... Nf4+ 42. gxf4 Qxd2 43. e7 $16) 42. Qc4 $2 {[%mdl 8192]} (42. Rxd6 $2 {too greedy.} Nxe4 43. Ra6 Rxf2+ 44. Kh3 Kf8 $19) (42. Qxh7+ $15 Kxh7 43. Rxd6) 42... Qxd2 $19 43. e7+ Qd5+ {Weighted Error Value: White=0.30/Black=0.15} 0-1

[Event "4NCL Hull GM 2021"]
[Site "Hull"]
[Date "2021.10.22"]
[Round "5.4"]
[White "Royal, Shreyas"]
[Black "Clarke, Brandon G I"]
[Result "0-1"]
[WhiteElo "2226"]
[BlackElo "2442"]
[Annotator "TA"]
[PlyCount "78"]
[EventDate "2021.10.20"]
[EventType "tourn"]
[EventCountry "ENG"]
[SourceTitle "playchess.com"]
[Source "ChessBase"]
[SourceQuality "1"]

{[%evp 23,78,26,46,13,56,44,43,44,43,18,11,0,11,3,0,0,0,-4,0,0,0,-31,17,17,20,0,16,0,37,0,0,0,0,-47,-7,-56,-62,-517,-386,-367,-393,-626,-650,-1063,-1067,-1208,-1248,-1245,-1237,-1237,-999,-5995,-5816,-5297,-4936,-29987,-29988]} 1. d4 Nf6 2. c4 g6 3. Nc3 d5 4. cxd5 Nxd5 5. e4 Nxc3 6. bxc3 Bg7 7. Bc4 c5 8. Ne2 Nc6 9. Be3 O-O 10. O-O Bg4 11. f3 Bd7 $1 {[%mdl 4] is more profitable than 11...Na5 at the moment.} 12. Rb1 Rc8 13. Qd2 {D87: Exchange Grünfeld: Classical Line: Variations without ...cxd4.} ({Much weaker is} 13. Rxb7 Na5 $17) 13... Qc7 14. Rfc1 Na5 15. Bd3 {White is slightly better.} b6 {[#]} 16. Bh6 $146 ({Predecessor:} 16. h4 e5 17. h5 Nb7 18. h6 Bh8 19. Bc4 Nd6 20. Bd5 Be6 21. dxc5 Nc4 22. Bxc4 Bxc4 23. cxb6 axb6 24. Bxb6 {½-½ (55) Korobov,A (2683)-Vachier Lagrave,M (2749) Zagreb 2021}) 16... e5 17. h4 Qd6 18. Bxg7 Kxg7 19. Qe3 Rfd8 20. d5 c4 21. Bc2 Qc5 22. Kf2 Nb7 23. g4 Nd6 24. g5 h6 25. Rh1 Re8 26. Rbg1 h5 27. Ra1 Qa3 28. Rhb1 Re7 29. Kg3 Rf8 30. f4 $2 {[%mdl 8192] White does not recover from this.} (30. Rf1 $15) 30... exf4+ 31. Qxf4 Rfe8 32. Rf1 {[#]} (32. Kg2 $142 Bf5 33. Ng3 Qxc3 34. Rc1 Nxe4 35. Nxf5+ gxf5 36. Bxe4 Rxe4 37. Rxc3 Rxf4 38. Rd1) 32... Bf5 $1 $19 {[%mdl 512]} 33. exf5 (33. Kh2 Nxe4) 33... Rxe2 34. Qd4+ Kg8 35. fxg6 Rxc2 {[%mdl 64] Double Attack} 36. gxf7+ Nxf7 37. Rxf7 Rxc3+ (37... Kxf7 38. Qf6+ Kg8 39. Qg6+ Kh8 40. Qxe8+ Kh7 41. Qf7+ Kh8 42. Qxh5+ Kg7 43. Qh6+ Kg8 44. Qg6+ Kh8 45. Qh6+ Kg8 46. Qg6+ Kh8 47. Qxc2) 38. Kg2 Qb2+ {[%mdl 64] Double Attack} 39. Rf2 {[#]} Rg3+ $1 {[%mdl 576] Discovered Attack.  Weighted Error Value: White=1.20/Black=0.12} 0-1